LEADER 01532nam 2200385Ka 450 001 9910698973503321 005 20091203125108.0 035 $a(CKB)5470000002398138 035 $a(OCoLC)472453732 035 $a(EXLCZ)995470000002398138 100 $a20091203d2008 ua 0 101 0 $aeng 135 $aurmn||||||||| 181 $ctxt$2rdacontent 182 $cc$2rdamedia 183 $acr$2rdacarrier 200 10$aHistorical overview of algal biofuel technoeconomic analyses$b[electronic resource] $eDOE Algal Biofuels Workshop, December 9, 2008 /$fPhilip T. Pienkos 210 1$aGolden, CO :$cNational Renewable Energy Laboratory,$d[2008] 215 $a1 online resource (23 unnumbered pages) $cillustrations (some color) 300 $aTitle from PDF title screen (viewed on Dec. 3, 2009). 300 $a"National Algal Biofuels Technology Roadmap Workshop, University of Maryland." 300 $a"NREL/PR-510-45622." 517 $aHistorical overview of algal biofuel technoeconomic analyses 606 $aBiomass energy$xEconomic aspects$zUnited States 606 $aAlgae products$xEconomic aspects$zUnited States 615 0$aBiomass energy$xEconomic aspects 615 0$aAlgae products$xEconomic aspects 700 $aPienkos$b Philip T$01409175 712 02$aNational Renewable Energy Laboratory (U.S.) 801 0$bGPO 801 1$bGPO 906 $aBOOK 912 $a9910698973503321 996 $aHistorical overview of algal biofuel technoeconomic analyses$93534286 997 $aUNINA